Star Wars. Rebel jail, #3 / Jason Aaron, writer ; ... Read More
Available copies
- 2 of 4 copies available at LARL/NWRL Consortium.
- 1 of 3 copies available at Lake Agassiz Regional Library. (Show preferred library)
Current holds
0 current holds with 4 total copies.
Show Only Available Copies
| Location | Call Number / Copy Notes | Barcode | Shelving Location | Status | Due Date |
|---|---|---|---|---|---|
| Detroit Lakes Public Library | J G AAR (Text) | 33500012665212 | Main | Available | - |
| Moorhead Public Library | J G AAR (Text) | 33500012665196 | Main | Checked out | 07/06/2026 |
| Moorhead Public Library | J G AAR (Text) | 33500012665204 | Main | Checked out | 07/14/2026 |
| Hallock Public Library | j AAR (Text) | 35500006314296 | Main | Available | - |
Record details
- ISBN: 9781532141430
- ISBN: 1532141432
- Physical Description: 1 volume (unpaged) : chiefly color illustrations ; ... Read More
- Edition: Reinforced library bound edition.
- Publisher: Minneapolis, Minnesota : Disney/Lucasfilm/ABDO Spotlight, 2018.
Content descriptions
| Summary, etc.: | Luke tries his hand at smuggling with some smelly ... Read More |
Search for related items by subject
| Subject: | Star Wars fiction > Comic books, strips, etc. Star Wars fiction. |
| Genre: | Science fiction comics. Graphic novels. Comics (Graphic works) Comic books, strips, etc. Comics (Graphic works) Graphic novels. Science fiction comics. |
Search for related items by series
| LDR | 02031cam a2200469Mi 4500 | ||
|---|---|---|---|
| 001 | 282511 | ||
| 003 | LARL_NWRL_CONSORTIUM | ||
| 005 | 20180327193454.0 | ||
| 008 | 180104s2018 mnua d 6 000 1 eng d | ||
| 040 | . | ‡aNFR ‡beng ‡erda ‡cNFR ‡dIMD ‡dOCLCF ‡dCNEDM | |
| 020 | . | ‡a9781532141430 | |
| 020 | . | ‡a1532141432 | |
| 035 | . | ‡a(OCoLC)1019650916 | |
| 082 | 0 | 4. | ‡a741.5/973 ‡223 |
| 082 | 1 | 4. | ‡a[E] |
| 100 | 1 | . | ‡aAaron, Jason, ‡eauthor. ‡0(LARL_NWRL_CONSORTIUM)212952 |
| 245 | 1 | 0. | ‡aStar Wars. ‡pRebel jail, ‡n#3 / ‡cJason Aaron, writer ; Leinil Francis Yu, penciler ; Gerry Alanguilan, inker ; Sunny Gho, colorist ; Chris Eliopoulos, letterer ; Terry Dodson & Rachel Dodson, cover artists. |
| 246 | 3 | 0. | ‡aRebel jail |
| 250 | . | ‡aReinforced library bound edition. | |
| 264 | 1. | ‡aMinneapolis, Minnesota : ‡bDisney/Lucasfilm/ABDO Spotlight, ‡c2018. | |
| 300 | . | ‡a1 volume (unpaged) : ‡bchiefly color illustrations ; ‡c27 cm | |
| 336 | . | ‡atext ‡btxt ‡2rdacontent | |
| 337 | . | ‡aunmediated ‡bn ‡2rdamedia | |
| 338 | . | ‡avolume ‡bnc ‡2rdacarrier | |
| 490 | 0 | . | ‡aStar Wars. Rebel jail ; ‡v3 |
| 520 | . | ‡aLuke tries his hand at smuggling with some smelly results, while Leia and Sana work together to track down the prison's mysterious invader who assumed control of the facility and eliminating the prisoners. | |
| 650 | 0. | ‡aStar Wars fiction ‡vComic books, strips, etc. ‡0(LARL_NWRL_CONSORTIUM)175280 | |
| 650 | 7. | ‡aStar Wars fiction. ‡2fast ‡0(LARL_NWRL_CONSORTIUM)41459 | |
| 655 | 7. | ‡aScience fiction comics. ‡2lcgft | |
| 655 | 7. | ‡aGraphic novels. ‡2lcgft | |
| 655 | 7. | ‡aComics (Graphic works) ‡2lcgft | |
| 655 | 7. | ‡aComic books, strips, etc. ‡2fast | |
| 655 | 7. | ‡aComics (Graphic works) ‡2fast | |
| 655 | 7. | ‡aGraphic novels. ‡2fast | |
| 655 | 7. | ‡aScience fiction comics. ‡2fast | |
| 700 | 1 | . | ‡aYu, Leinil Francis, ‡epenciler. ‡0(LARL_NWRL_CONSORTIUM)192635 |
| 700 | 1 | . | ‡aAlanguilan, Gerry, ‡einker. |
| 700 | 1 | . | ‡aGho, Sunny, ‡ecolorist. |
| 700 | 1 | . | ‡aEliopoulos, Chris, ‡eletterer. ‡0(LARL_NWRL_CONSORTIUM)147106 |
| 700 | 1 | . | ‡aDodson, Terry, ‡eartist. ‡0(LARL_NWRL_CONSORTIUM)215788 |
| 700 | 1 | . | ‡aDodson, Rachel, ‡eartist. ‡0(LARL_NWRL_CONSORTIUM)215787 |
| 901 | . | ‡a282511 ‡b ‡c282511 ‡tbiblio | |

Add to basket
Permalink
Disable Highlighting